000 01003nam a2200241 4500
005 20160907161940.0
008 160907| ck |||||||||| 00| 0 spa d
040 _aCO-BoUCM
_bspa
_cSandra Yazo
_dSandra Yazo
041 0 _afre
082 _220
_a017
092 _aE63N054
110 2 _93870
_aArchivo General de la Nación (Colombia)
245 1 0 _aFondo documental Real Hacienda
_bCartas
_cArchivo General de la Nacion ; ADAI
260 _a[Lugar desconocido]
_b[Editorial desconocida]
_c[fecha desconocida]
300 _a1 CD ; 2 hojas pliego ; 1 postal
_c29 x 21 cm
500 _aDetalles físicos: Detalles físicos: Caja en cartón con CD Multimedia (Winisis), hojas plegadas con ilustraciones y postal
506 _aConsulta en sala
650 7 _99325
_aArchivos históricos
_xÍndices
650 7 _916683
_aHaciendas
_zCundinamarca (Colombia)
690 _aGeografía de Colombia
_916341
710 2 _aADAI Cooperación Iberoamericana
_979711
942 _2LOCAL
_cLIBRO
_e1
_hE63N054
999 _c304585
_d304585